Antonio González (Record no. 275)

MARC details
000 - LÍDER
campo de control de longitud fija 01203nam a2200277Ia 4500
008 - ELEMENTOS DE DATOS DE LONGITUD FIJA - INFORMACIÓN GENERAL
campo de control de longitud fija 0000002002 sp ad 0000000000spa00
090 ## - NÚMERO DE LLAMADA DE TIPO LC LOCALMENTE ASIGNADO (OCLC)
Número de clasificación (OCLC) (R) PSP00 J85a
100 1# - ENTRADA PRINCIPAL - NOMBRE PERSONAL
Nombre de la persona Juncosa, Enrique
245 10 - TÍTULO DECLARACIÓN
Título Antonio González
Resto del título : Aggredere
Declaración de responsabilidad / textos Enrique Juncosa ; traducción Anna García ; fotografía Juan González
260 ## - PUBLICACIÓN, DISTRIBUCIÓN
Lugar de publicación Valencia : Galería Luis Adelantado
Fecha de publicación 2002
300 ## - DESCRIPCIÓN FÍSICA
Alcance 71 p.
Dimensiones / 24 cm.
500 ## - NOTA GENERAL
Nota general Exposición realizada en la Galería Luis Adelantado, Valencia (España), Marzo 8, 2002 \ Incluye cronología del artista \ Con el patronazgo del maestro venezolano Jesús Rafael Soto (q.e.p.d.) \ Texto bilingue : español inglés
501 ## - Con nota
Con nota Silencios = Silences / Enrique Juncosa
600 00 - ENTRADA DE SUJETO AÑADIDO - NOMBRE PERSONAL
Nombre de la persona GONZALEZ, ANTONIO, 1974/
Subdivisión general TRABAJOS PICTORICOS
650 14 - ENTRADA DE SUJETO AÑADIDO - TÉRMINO TÓPICO
Término tópico o elemento de entrada del nombre geográfico ARTE CONTEMPORANEO ESPAÑOL
650 14 - ENTRADA DE SUJETO AÑADIDO - TÉRMINO TÓPICO
Término tópico o elemento de entrada del nombre geográfico ARTISTAS PLASTICOS ESPAÑOLES EXPOSIONES
650 14 - ENTRADA DE SUJETO AÑADIDO - TÉRMINO TÓPICO
Subdivisión general CATALOGOS
650 14 - ENTRADA DE SUJETO AÑADIDO - TÉRMINO TÓPICO
Subdivisión general EXPOSICIONES
650 14 - ENTRADA DE SUJETO AÑADIDO - TÉRMINO TÓPICO
Término tópico o elemento de entrada del nombre geográfico PINTORES ESPAÑOLES
650 14 - ENTRADA DE SUJETO AÑADIDO - TÉRMINO TÓPICO
Término tópico o elemento de entrada del nombre geográfico PINTURA (TECNICA MIXTA)
650 14 - ENTRADA DE SUJETO AÑADIDO - TÉRMINO TÓPICO
Término tópico o elemento de entrada del nombre geográfico PINTURA AL OLEO
650 14 - ENTRADA DE SUJETO AÑADIDO - TÉRMINO TÓPICO
Término tópico o elemento de entrada del nombre geográfico PINTURA EN ESMALTE
650 14 - ENTRADA DE SUJETO AÑADIDO - TÉRMINO TÓPICO
Término tópico o elemento de entrada del nombre geográfico PINTURA ESPAÑOLA
650 14 - ENTRADA DE SUJETO AÑADIDO - TÉRMINO TÓPICO
Término tópico o elemento de entrada del nombre geográfico PINTURA MODERNA ESPAÑOLA
700 1# - ENTRADA AGREGADA - NOMBRE PERSONAL
Nombre de la persona García, Anna, tr. \ González, Juan
Holdings
Estado de retirada Pérdida de estatus Estado dañado No para préstamo Código de recogida Ubicación permanente Ubicación actual Ubicación de las estanterías Fecha de adquisición Número de llamada completo Código de barras Fecha de la última vez que se vio Número de copia Precio efectivo desde Tipo de artículo Koha
        General ArtNexus ArtNexus General 06/09/2022 P-SP-00 J85A 275 06/09/2022 Ej.1 06/09/2022 Libro

Powered by Koha